banner-ar

THE BEETHOVEN COMPENDUIM: A GUIDE TO BEETHOVEN'S LIFE AND MUSIC / (Record no. 14025)

MARC details
000 -الفاتح
حقل البيانات ثابتة الطول 00510nam a2200193Ia 4500
008 - عناصر البيانات ثابتة الطول - معلومات عامة
حقل البيانات ثابتة الطول 140319s9999 xx 000 0 eng d
040 ## - مصدر الفهرسة
وكالة الفهرسة الأصلية GCL /
وكالة النسخ GCL
082 04 - رقم تصنيف ديوى العشرى
رقم التصنيف 780.92
رقم المادة C B
100 1# - المدخل الرئيسى - إسم شخصى
الإسم الشخصى COOPER, BARRY
245 10 - بيان العنوان
العنوان THE BEETHOVEN COMPENDUIM: A GUIDE TO BEETHOVEN'S LIFE AND MUSIC /
بيان المسئوليه,etc COOPER, BARRY
260 ## - PUBLICATION, DISTRIBUTION, ETC. (IMPRINT)
تاريخ النشر أو التوزيع 1996
300 ## - الوصف المادى
التعداد 351 P
650 04 - المدخل الاضافى بالموضوع-مصطلح موضوعى
مصطلح موضوعي MUSIC
650 04 - المدخل الاضافى بالموضوع-مصطلح موضوعى
مصطلح موضوعي BEETHOVEN
650 04 - المدخل الاضافى بالموضوع-مصطلح موضوعى
مصطلح موضوعي MUSICIANS
650 04 - المدخل الاضافى بالموضوع-مصطلح موضوعى
مصطلح موضوعي BIOGRAPHIES
942 ## - عناصر المدخل الإضافي( كوها)
مصدر التصنيف او مخطط الترفيف Dewey Decimal Classification
Koha [default] item type كتاب
260 ## - PUBLICATION, DISTRIBUTION, ETC. (IMPRINT)
-- [S.N] :
-- THAMES AND HUDSON ،
Holdings
حالة التراجع حالة الفقد حالة تلف ليس للاعارة المكان المؤقت الموقع الحالى تاريخ الاكتساب اجمالي اﻻعارات رقم الطلب الباركود تاريخ اخر مشاهدة تاريخ تفعيل السعر نوع وعاء كوها
        مكتبة القاهرة الكبرى مكتبة القاهرة الكبرى 03/26/2014   780.92\C B 26466 03/26/2014 03/26/2014 كتاب
        مكتبة القاهرة الكبرى مكتبة القاهرة الكبرى 03/26/2014   780.92\C B 26467 03/26/2014 03/26/2014 كتاب

Powered By

EGPV